Familiar word, different meaning (Record no. 76885)
[ view plain ]
| 000 -LEADER | |
|---|---|
| fixed length control field | 00957cab a2200193 4500 |
| 001 - CONTROL NUMBER | |
| control field | ##L133244 |
| 008 - FIXED-LENGTH DATA ELEMENTS--GENERAL INFORMATION | |
| fixed length control field | 060424n2006 000 0 eng u |
| 035 ## - SYSTEM CONTROL NUMBER | |
| System control number | (Sirsi) u133244 |
| 041 0# - LANGUAGE CODE | |
| Language code of text/sound track or separate title | eng |
| 100 1# - MAIN ENTRY--PERSONAL NAME | |
| Personal name | Fox, Owen |
| 245 00 - TITLE STATEMENT | |
| Title | Familiar word, different meaning |
| 260 ## - PUBLICATION, DISTRIBUTION, ETC. | |
| Date of publication, distribution, etc. | 2006 |
| 490 #0 - SERIES STATEMENT | |
| Series statement | Contract Journal |
| Volume/sequential designation | 433(6570) 12 April 2006, 34(1) |
| 520 ## - SUMMARY, ETC. | |
| Summary, etc. | Looks at the introduction of the concept of prevention in NEC3, and assesses the likely implications for employers. The term covers events which neither party can prevent and which were so unlikely to occur that an experienced contractor would not have allowed for them, and which prevent the contractor from completing the works. Also examines what is an unforeseeable event. |
| 590 ## - LOCAL NOTE (RLIN) | |
| Local note | IKA250406 |
| 650 24 - SUBJECT ADDED ENTRY--TOPICAL TERM | |
| Topical term or geographic name entry element | SCOTT LITHGOW LTD V SOS DEFENCE |
| 690 ## - LOCAL SUBJECT ADDED ENTRY--TOPICAL TERM (OCLC, RLIN) | |
| Topical term or geographic name as entry element | BUILT ENVIRONMENT-BUILDING CONTRACT FORMS-STANDARD FORMS OF BUILDING CONTRACT-NEW ENGINEERING CONTRACT CONTRACTS |
| 942 ## - ADDED ENTRY ELEMENTS (KOHA) | |
| Suppress in OPAC | 0 |
| Withdrawn status | Lost status | Source of classification or shelving scheme | Damaged status | Not for loan | Home library | Current library | Shelving location | Date acquired | Total Checkouts | Full call number | Barcode | Date last seen | Copy number | Price effective from | Koha item type |
|---|---|---|---|---|---|---|---|---|---|---|---|---|---|---|---|
| Dewey Decimal Classification | London | London | Journal article | 24/04/2006 | L133244 | 133244-1001 | 06/08/2019 | 1 | 06/08/2019 | Journal article |